The international design yearbook 6

Uloženo v:
Podrobná bibliografie
Hlavní autor: Bellini, Mario (Autor)
Médium: Kniha
Jazyk:angličtina
Vydáno: Nueva York Abbeville Press 1991
Témata:
Tagy: Přidat tag
Žádné tagy, Buďte první, kdo vytvoří štítek k tomuto záznamu!

MARC

LEADER 00000nam a2200000 a 4500
001 UCR8276
003 CL-VaPUC
008 980529e19910000US |||||||||||||||||eng|d
082 0 4 |a 745.2  |b BEL  |2 21 
100 0 |a Bellini, Mario  |e author  |9 409926 
245 1 4 |a The international design yearbook 6 
300 |a 240 p 
942 |c BK 
945 |d 19980529 00:00:00  |a rbrito 
260 |a Nueva York  |b Abbeville Press  |c 1991 
650 0 |a Artes decorativas  |9 266306 
650 0 |a Arte industrial  |9 409927 
650 7 |a DISEÑO AMBIENTAL  |2 CL-VaPUC  |9 268896 
650 0 |a Diseño artístico  |9 330956 
650 0 |a Medio ambiente  |9 257625 
650 0 |a Estilos artísticos  |9 340996 
650 0 |a Catálogos  |9 256258 
583 |a last modification  |c 19980529 00:00:00  |k Rodrigo Vera 
999 |c 269739  |d 269737 
952 |0 0  |1 0  |4 0  |6 745_200000000000000_BEL_1991  |7 0  |8 A  |9 303674  |a BIBARQ  |b BIBARQ  |d 2019-11-20  |i 3217426  |o 745.2 BEL 1991  |p 3217426  |r 2025-01-20  |w 2019-11-20  |y BK  |k ARQ